000 006070000a22001930004500
090 _aAR
_b02621
245 1 0 _aMammals of lacreek national wildlife refuge, South Dakota
650 1 4 _aMamíferos
_992510
650 1 4 _aBiogeografía
_992747
650 1 4 _aMétodos de muestreo
_993496
650 1 4 _aInventarios de mamíferos
_993445
651 4 _dDakota del sur
_pEstados Unidos
_992749
041 0 _aInglés
700 1 _aChoate, Jerry R.
_995976
700 1 _aJones, J. Knox
_99498
100 1 _aWilhelm, Robert B.
_995981
942 _cARTICULO
773 1 _tMuseum Texas Tech University
_3627
_h17
_q3-39
_d1981
999 _c11684
_d11684